000
00219 a2200097 4500
001
20499
100
_a
Tselikov A
245
_a
Stress & Strain in Metal Rolling
260
_a
_b
Mir Publishers
_c
090
_c
14896
_d
14896
942
_a
NUST-CAE
_c
M
_c
5442
999
_c
255572
_d
255572